Population de pays aléatoire - Afrique - Statistiques

Statistiques générales
  • Ce quiz a été pris 6 fois
  • Le résultat moyen est 18 sur 20
Statistiques - réponses
Pays Population (M) % Correct
Sao Tomé-et-Principe 0
100%
Seychelles 0
100%
Cap-Vert 1
100%
Comores 1
100%
Djibouti 1
100%
Eswatini 1
100%
Égypte 113
100%
Rép. Dém. du Congo 119
100%
Tunisie 12
100%
Soudan du Sud 13
100%
Rwanda 14
100%
Bénin 15
100%
Zimbabwe 17
100%
Sénégal 19
100%
Botswana 2
100%
Guinée Équatoriale 2
100%
Guinée-Bissau 2
100%
Lesotho 2
100%
Zambie 21
100%
Malawi 22
100%
Burkina Faso 23
100%
Mali 23
100%
Nigeria 243
100%
Niger 27
100%
Gabon 3
100%
Gambie 3
100%
Namibie 3
100%
Madagascar 30
100%
Cameroun 32
100%
Ghana 35
100%
Mauritanie 5
100%
Kenya 56
100%
Érythrée 6
100%
Liberia 6
100%
Sierra Leone 9
100%
Togo 9
100%
Somalie 20
75%
Libye 7
75%
Mozambique 34
67%
Guinée 14
50%
Tchad 20
50%
Angola 39
50%
Ouganda 51
50%
Maurice 1
0%
Éthiopie 121
0%
Burundi 14
0%
Côte d'Ivoire 32
0%
Maroc 38
0%
Algérie 48
0%
Soudan 52
0%
République Centrafricaine 6
0%
Rép. du Congo 6
0%
Afrique du Sud 61
0%
Tanzanie 69
0%
Aucun quiz correspondant
Distribution des résultats
% des personnes avec chaque résultat
Percentile par nombre de réponses
Votre historique - résultats
Vous n’avez pas pris ce quiz